| 000 | 00000nam##2200000za#4500 |
| 001 | 9.644165 |
| 003 | CaOODSP |
| 005 | 20250506145323 |
| 007 | cr ||||||||||| |
| 008 | 150407|1981||||xxc|||||o f|0| 0 fre|d |
| 040 | |aCaOODSP|bfre |
| 043 | |an-cn--- |
| 086 | 1 |aA53-1542/1981F-PDF |
| 110 | 1 |aCanada.|bAgriculture Canada. |
| 245 | 10|aL'apiculture dans l'Ouest canadien / |h[ressource électronique]|c[par] T.I. Szabo et D.L. Nelson. |
| 250 | |aRévision 1981 |
| 260 | |aOttawa - Ontario : |bAgriculture Canada |cc1981. |
| 300 | |a32p.|bgraphique, références, tableaux, photographies |
| 500 | |aÉd. originale : 1976. Publication historique numérisée par Agriculture et Agroalimentaire Canada. Le n° de catalogue (A53-1542/1981F) et l'ISBN (0-662-91339-6) de l'édition imprimée ont été copiés dans l'édition électronique. |
| 590 | |a15-02-Supp|b2015-02-16 |
| 691 | 07|aApiculture|2gcpds |
| 720 | 1 |aSzabo, T. I. (Tibor Imre) |
| 720 | 1 |aNelson, D. L. |
| 775 | 08|tBeekeeping in Western Canada / |w(CaOODSP)9.700305 |
| 856 | 40|ahttp://publications.gc.ca|qPDF|s3.18 Mo|uhttps://publications.gc.ca/collections/collection_2015/aac-aafc/A53-1542-1981-fra.pdf |
| 986 | |a1542F |